| 000 | 00848nam a22002417a 4500 | ||
|---|---|---|---|
| 999 |
_c7247 _d7247 |
||
| 003 | OSt | ||
| 005 | 20240109125735.0 | ||
| 008 | 190830s2019 sp | |||| 000 0 cat d | ||
| 015 | _aMON1908 | ||
| 020 | _a9788417082635 | ||
| 040 |
_aSpMaBN _bspa _cCDMR |
||
| 100 | 1 | _aCamps Durban, Eloi | |
| 245 | 1 | 0 |
_aFem-nos escoltar! _b: història de les ràdios ciutadanes de l'espai catalá de comunicació (1977-2017) / _cEloi Camps Durban |
| 260 |
_aMaçanet de la Selva : _bEditorial Gregal, _c[2019] |
||
| 300 |
_a379 p. _c23 cm |
||
| 504 | _aInclou referències bibliográfiques | ||
| 650 | 4 |
_aRàdio _zCatalunya _vHistòria _92387 |
|
| 650 | 4 |
_aRàdio local _91727 |
|
| 650 | 4 |
_aRàdio lliure _94182 |
|
| 650 | 4 |
_aRàdio _zComunitat Valenciana _vHistòria _92387 |
|
| 650 | 4 |
_aRàdio _zBalears (Comunidad Autónoma) _vHistòria _92387 |
|
| 942 |
_cMON _2udc |
||